000 00522nam a2200169Ia 4500
999 _c16042
_d16042
003 OSt
005 20201110142849.0
008 190216s9999||||xx |||||||||||||| ||und||
040 _cMESKC library
082 _a891.43
_bPIL/M
100 _aPillai, Thakazhi Shivashankara
_9418
245 0 _aMeri Smrethiyam Meri Krithiyam /
_cThakazhi Shivashankar Pillai
260 _bMaithry Publications,
_aDelhi:
_c2001.
300 _a131p
650 _aHindi
942 _cBK
_2ddc
_h891.43
_iPIL/M
_k891.43
_mPIL/M